=LDR 00000nam 2200000 4500 =001 000758 =005 20250711102209 =035 ##$$a 0010-0725000626 =007 ta =008 250711################a##########0#ind## =020 ##$$a 978-602-244-935-5 =082 ##$$a 398.309 598 =084 ##$$a 398.309 598 HAR d =100 #$$a Hartanti, Haris =245 1#$$a Di mana kacang sipet? /$c Aris Hartanti =250 ##$$a Cetakan pertama =260 ##$$a Jakarta Selatan :$b Kementerian Pendidikan Kebudayaan riset dan teknologi,$c 2022 =300 ##$$a 30 hlm. : $b Ilus. ; $c 23 cm